00673cam a2200205 4500001001100000008004100011035001500052050002100067100002400088245008200112260003600194300002100230440003800251500003800289500001200327650003800339650002500377700003500402700003000437BFIL007003 1940 spa  aBFIL007003 4aPQ7604bE33 19401 aEcheverria, Esteban 0aPoemas clasicos /cEsteban Echeverria, Estanislao del Campo, Rafael Obligado. aBuenos Aires :bClaridad,c1940 a141 p. ;c18 cm. 0aClaridad. Textos de Lectura Libre aFecha de publicación presumible a1 ejem. 4aPoesia Argentina (varios autores) 4aLiteratura Argentina1 aCampo, Estanislao del,ecoaut.1 aObligado, Rafael,ecoaut.